Kadra Danii na mundial 2022 - Statystyki

Ogólne statystyki
  • Ten quiz został rozwiązany 36 razy
  • Średni wynik to 12 z 21
Statystyki odpowiedzi
Pozycja Zawodnik % Poprawnych
Pomocnik Christian Eriksen
92%
Obrońca Simon Kjaer
88%
Bramkarz Kasper Schmeichel
84%
Obrońca Andreas Christensen
80%
Bramkarz Oliver Christensen
80%
Obrońca Rasmus Kristensen
80%
Pomocnik Pierre-Emile Hojbjerg
72%
Napastnik Kasper Dolberg
64%
Obrońca Joakim Maehle
60%
Napastnik Mikkel Damsgaard
60%
Pomocnik Thomas Delaney
60%
Napastnik Andreas Skov Olsen
56%
Obrońca Jens Stryger Larsen
52%
Napastnik Martin Braithwaite
52%
Napastnik Andreas Cornelius
44%
Obrońca Daniel Wass
44%
Obrońca Joachim Andersen
40%
Pomocnik Mathias Jensen
40%
Napastnik Jonas Wind
36%
Napastnik Jesper Lindstrom
20%
Obrońca Victor Nelsson
20%
Nie znaleziono quizów pasujących do podanych kryteriów
Rozkład punktacji
Procent ludzi z każdym wynikiem
Percentyl według liczby udzielonych odpowiedzi
Twoja historia wyników
Nie rozwiązałeś tego quizu